000 00657nam a2200217 a 4500
999 _c2036
_d2036
001 2036
003 BD-JhCC
005 20171028201830.0
008 171028s1382 bg |||| ||a| 000 0 ben d
035 _a(BD-JhCC)2036
040 _aBD-JhCC
_dBD-JhCC
041 _aben
082 _a891.4409
_bHFZ 1382
100 _aহাফিজ, আবদুল
245 _aআধুনিক সাহিত্যচর্চা /
_cআবদুল হাফিজ
260 _aঢাকা
_bমুক্তধারা প্রকাশনী
_c১৩৮২
300 _a154 p. :
_c21 cm.
650 _aBengali Literature
942 _2ddc
_cBK